00775nam a2200157Ia 4500008004100000050002300041100003100064245005200095260005300147300001800200490002200218500004900240505029000289650001300579650002500592120626s1965 mx 000 0 spa d aBF408 bB3318 1965 aBachelard, Gastóneautor aLa poética del espacio c/ Gastón Bachelard aMéxicob: Fondo de cultura económicac, 1965 a300 páginas aBreviariosv: 183 aTítulo original: La poétique de l'espace aLa casa. Del sotano a la guardilla. El sentido de la choza Casa y universo El cajón, los choferes y los armarios El nido La concha Los rincones La miniatura La inmensidad íntima La dialéctica de lo de adentro y de lo de afuera La fenomenología de lo redondo  0aPOETICA  0aFILOSOFÍA FRANCESA